000 00476pam a2200169 a 4500
020 _z00812041968 :
_c$9.95 ($13.95 Can.)
050 0 0 _aQA276.12
_b.D68 1989
100 1 _aDowning, Douglas.
245 1 0 _aStatistics the easy way /
_cDouglas Downing, Jeff Clark.
250 _a2nd ed.
260 _aNew York :
_bBarron's,
_cc1989.
300 _axi, 330 p. :
500 _aIncludes index.
650 _xProbabilities ;
_xStatistics.
700 1 _aClark, Jeff,
942 _2lcc
_cGEN
999 _c6852
_d6852